Τραγούδια Εθισμού - Ξαφνικός Θάνατος - Statistics

General Stats
  • This quiz has been taken 7 times
  • The average score is 8 of 15
Answers on the Grid
Answers color-coded by a green-red scale on the quiz's grid according to % correct below.
Millennials
Cash Flow
Πάνω
Μηδέν
Γέννημα Θρέμμα
Πορτογάλος
El Trafico
The Town
Made in Athens
Mojo
Κίτρινος Τύπος
Vintage
Olivais Sul
Μπλόκο
Πρωτεύουσα
Ντοκουμέντο
Δίλημμα
Κάπως Αλλιώς
Ανάσανα
Όταν
Πολυκατοικίες
Ο Κόσμος Κακός
Φίλες και Φίλοι
Μαδαγασκάρη
Μεσάνυχτα
Ξυράφι
Made in Greece
Φανάρια
Πείσμα
Spike Lee
 
Answer Stats
Answer % Correct
El Trafico
86%
Ντοκουμέντο
71%
Cash Flow
71%
Made in Athens
71%
Olivais Sul
71%
Γέννημα Θρέμμα
57%
Κίτρινος Τύπος
57%
Πρωτεύουσα
57%
Mojo
57%
The Town
57%
Μηδέν
43%
Πορτογάλος
43%
Μπλόκο
43%
Millennials
43%
Vintage
14%
No matching quizzes found
Score Distribution
Percent of People with Each Score
Percentile by Number Answered
Your Score History
You have not taken this quiz